000
00267nam a22001097a 4500
082
_a
368.22BRO
100
_a
Robert H. Brown
245
_a
THE SUMMARY OF THE INSTITUTE TIME CLAUSES
260
_a
LONDON
_b
Witherby&Co Ltd
_c
1971
300
_a
25p.
_b
ill;24cm
942
_c
BK
999
_c
19846
_d
19846